| 000 | 01222nac a2200301 a 4500 | ||
|---|---|---|---|
| 003 | CO-PeBPM | ||
| 005 | 20250811125103.0 | ||
| 007 | ta | ||
| 008 | 250811s2016 ck a|||| |||| 00| 0 spa d | ||
| 020 | _aISBN: 9789585862593 | ||
| 040 |
_aCO-PeBPM _bspa _cCO-PeBPM _erda |
||
| 041 | _aspa | ||
| 082 | 0 | 4 |
_a709.861 R669c _222 |
| 100 | 1 |
_aRoca, José Ignacio _eautor |
|
| 245 | 1 | 0 |
_aCompendio José Alejandro Restrepo _c/ José Ignacio Roca y Alejandro Martín: ilustrador José Alejandro Restrepo; traductora Erika Tanacs; prologuista Jorge La Ferla |
| 260 |
_aBogotá, Colombia _b: Seguros Bolívar _c, 2016 |
||
| 300 |
_a112 páginas _bilustraciones, fotografías (algunas a color) _c28 centímetros |
||
| 490 | _aColección de Arte Contemporáneo | ||
| 500 | _aIncluye índice de contenido | ||
| 600 | 1 | 4 |
_aRestrepo, José Alejandro, 1959- - Trabajos artísticos _2LEMB |
| 650 | 1 | 4 |
_aArte colombiano - Exposiciones - Catálogos _2LEMB |
| 650 | 1 | 4 |
_aArtistas plásticos colombianos - Exposiciones - Catálogos _2LEMB |
| 700 | 1 |
_aMartín, Alejandro _ecoautor |
|
| 700 | 1 |
_aTanacs, Erika _etraductora |
|
| 700 | 1 |
_aLa Feria, Jorge _eprologuista |
|
| 700 | 1 |
_aRoca, José Ignacio _d, 1962 _eeditor |
|
| 942 |
_2ddc _cBK _n0 |
||
| 999 |
_c61156 _d61156 |
||